|
|
|
|
| LEADER |
00000nam0a2200000 4500 |
| 001 |
72873 |
| 005 |
20231101212654.0 |
| 035 |
|
|
|a (RuTPU)RU\TPU\book\77708
|
| 090 |
|
|
|a 72873
|
| 100 |
|
|
|a 20050202d1969 m y0rusy50 ca
|
| 101 |
0 |
|
|a rus
|
| 102 |
|
|
|a RU
|
| 105 |
|
|
|a a j 001zy
|
| 200 |
1 |
|
|a Теоретическая электрохимия
|e учебник для химических специальностей университетов и химико-технологических специальностей вузов
|f Л. И. Антропов
|
| 205 |
|
|
|a Изд. 2-е, перераб. и доп.
|
| 210 |
|
|
|a Москва
|c Высшая школа
|d 1969
|
| 215 |
|
|
|a 512 с.
|c ил.
|e черт.
|
| 320 |
|
|
|a Библиогр.: с. 497-498.
|
| 320 |
|
|
|a Предметный указатель: с. 499-505.
|
| 606 |
|
|
|a Электрохимия теоретическая
|2 stltpush
|3 (RuTPU)RU\TPU\subj\21018
|9 46070
|
| 610 |
1 |
|
|a электролиты
|
| 610 |
1 |
|
|a электродное равновесие
|
| 610 |
1 |
|
|a кинетика электродных процессов
|
| 610 |
1 |
|
|a законы
|
| 610 |
1 |
|
|a конвективная диффузия
|
| 610 |
1 |
|
|a коррозия металлов
|
| 610 |
1 |
|
|a учебные пособия
|
| 675 |
|
|
|a 544.6(075.8)
|v 3
|
| 700 |
|
1 |
|a Антропов
|b Л. И.
|g Лев Иванович
|
| 801 |
|
1 |
|a RU
|b 63413507
|c 20050202
|g PSBO
|
| 801 |
|
2 |
|a RU
|b 63413507
|c 20171214
|g PSBO
|
| 942 |
|
|
|c BK
|